000 00605nam a2200193 a 4500
005 20140414093843.0
008 090205s19uu xx uuu eng d
050 _aDVD 030
_bPHI 2007
100 _aPhilippine Daily Inquirer
245 _aNewspapers in DVD. January - December 2007 /
_cPhilippine Daily Inquirer.
250 _a2007
260 _aManila :
_bADMU,
_c2007.
300 _a25 DVDs
500 _aContents: Installer 2008(1 vol) ; January - December 2007 (24 vols).
650 _aPeriodicals
_xPhilippines.
700 _aAteneo de Manila University
942 _cAVM
999 _c109398
_d109398